| 000 | 01306nam a2200349 c 4500 | ||
|---|---|---|---|
| 003 | BLK | ||
| 005 | 20230628005119.0 | ||
| 008 | 180413b bul|||||r ||||||| ||bul|| | ||
| 010 | _aKNG00019369000 | ||
| 020 |
_a954-570-034-3 _bиздат.: Аргус |
||
| 040 | _aBLK | ||
| 041 |
_aBUL _cBUL |
||
| 080 |
_aАмериканска литература (на САЩ) _b821.111(73) _x-312.9 _z821.111(73)-312.9 |
||
| 100 | 1 |
_aЧокър, Джак Л. _eпърви автор _9261982 |
|
| 139 |
_aЧокър, Джак Л. _bЧ 89 |
||
| 245 | 1 | 0 |
_aЛилит : Змия в тревата _bРоман _cДжак Л. Чокър; прев. Владимир Зарков. |
| 257 | _aUSA | ||
| 260 |
_аСофия _bАргус _c1997 |
||
| 300 |
_a256 с. _bс ил. _c20 см |
||
| 380 | _aX | ||
| 490 | 1 |
_aФантастика _v029 |
|
| 500 | _aОриг. загл. Lilith : A Snake in the Grass / Jack L. Chalker. - 3 000 тир. | ||
| 653 | _aфантастика | ||
| 653 | _aромани | ||
| 700 |
_aЗарков, Владимир Владимиров _d1961- _eпрев. _9365578 |
||
| 852 | _aЦб 194719 | ||
| 856 | 4 |
_qpdf _u |
|
| 856 | 4 |
_qpdf _u |
|
| 942 |
_cKNG _n0 |
||
| 944 |
_aCR _c15.01.2003 _kЛюдмила_Стоянова |
||
| 944 |
_aED _c12.02.2018 _kНора_Радева |
||
| 999 |
_c17426 _d17426 |
||